Name a Country Where These Reptiles Are Found #1 - Statistics

General Stats
  • This quiz has been taken 54 times
  • The average score is 72 of 146
Answer Stats
Picture Hint Answer % Correct
Loggerhead Musk Turtle United States of America
94%
Greek Tortoise Greece | Turkey | Syria | Lebanon | Israel | Russia | Georgia | Armenia | Azerbaijan | Iraq | Iran | Turkmenistan | Afghanistan | Pakistan | Moldova | Romania | Italy | Bulgaria | North Macedonia | Spain | Morocco | Algeria | Tunisia | Libya
89%
Jamaican Slider Jamaica | The Bahamas
89%
Malayan Snail-Eating Turtle Malaysia | Cambodia | Myanmar | Thailand
89%
Florida Softshell Turtle United States of America
89%
Alligator Snapping Turtle United States of America
89%
Northern Map Turtle United States of America | Canada
89%
Loggerhead Sea Turtle United States of America | Canada | Mexico | Guatemala | El Salvador | Belize | Honduras | Nicaragua | Panama | Costa Rica | Colombia | Venezuela | Guyana | Suriname | Brazil | Argentina | Chile | Peru | Uruguay | United Kingdom | Ireland | France | Spain | Portugal | Monaco | Italy | Malta | Cyprus | Turkey | Slovenia | Croatia | Bosnia & Herzegovina | Montenegro | Albania | Greece | Syria | Lebanon | Israel | Egypt | Libya | Tunisia | Algeria | Morocco | Mauritania | Senegal | Gambia | Guinea-Bissau | Guinea | Sierra Leone | Liberia | Ivory Coast | Ghana | Togo | Benin | Nigeria | Cameroon | Equatorial Guinea | Gabon | Republic of the Congo | Angola | Democratic Republic of the Congo | Namibia | South Africa | Mozambique | Madagascar | Tanzania | Kenya | Somalia | Djibouti | Eritrea | Sudan | Oman | Yemen | Iran | Pakistan | India | Sri Lanka | Bangladesh | Myanmar | Thailand | Cambodia | Vietnam | Singapore | Indonesia | Brunei | Malaysia | Japan | China | Taiwan | North Korea | South Korea | Russia | Germany | Denmark | Belgium | Netherlands | Papua New Guinea | Australia | New Zealand | Comoros | Cuba | The Bahamas | Jamaica | Trinidad & Tobago | Haiti | Dominican Republic | Saint Kitts & Nevis | Antigua & Barbuda | Dominica | Saint Lucia | Barbados | Grenada | Saint Vincent & the Grenadines | Cape Verde | São Tomé & Príncipe | Philippines | Palau | East Timor | Solomon Islands | Vanuatu | Fiji | Federated States of Micronesia
89%
Olive Ridley Sea Turtle United States of America | Canada | Mexico | Guatemala | El Salvador | Honduras | Nicaragua | Costa Rica | Panama | Colombia | Ecuador | Peru | Chile | Venezuela | Guyana | Suriname | Brazil | Cuba | Haiti | Dominican Republic | The Bahamas | Jamaica | Trinidad & Tobago | Dominica | Saint Lucia | Grenada | Saint Kitts & Nevis | Saint Vincent & the Grenadines | Barbados | Antigua & Barbuda | Gambia | Senegal | Guinea-Bissau | Guinea | Sierra Leone | Liberia | Ivory Coast | Ghana | Togo | Benin | Nigeria | Cameroon | Equatorial Guinea | Gabon | Republic of the Congo | Democratic Republic of the Congo | Angola | Namibia | South Africa | Mozambique | Madagascar | Tanzania | Kenya | Somalia | Djibouti | Eritrea | Sudan | Egypt | Israel | Jordan | Saudi Arabia | Yemen | Oman | United Arab Emirates | Qatar | Bahrain | Kuwait | Iran | Pakistan | India | Sri Lanka | Bangladesh | Myanmar | Thailand | Cambodia | Vietnam | Indonesia | Malaysia | Philippines | Brunei | Singapore | East Timor | Papua New Guinea | Australia | China | Taiwan | Japan | North Korea | South Korea | Russia | Maldives | São Tomé & Príncipe | Comoros | Seychelles | Solomon Islands | Vanuatu | Palau | Federated States of Micronesia | France (French Guiana & Multiple Island Territories) | United Kingdom (Multiple Island Territories) | Netherlands (Multiple Island Territories)
89%
Common Box Turtle United States of America | Mexico
89%
Asian Forest Tortoise Bangladesh | Cambodia | India | Indonesia | Malaysia | Myanmar | Thailand | Vietnam
83%
Big-Headed Amazon River Turtle Brazil | Colombia | Venezuela | Ecuador | France (French Guiana)
83%
Malayan Softshell Turtle Brunei | Indonesia | Malaysia | Myanmar | Philippines | Singapore
83%
Indian Flapshell Turtle India | Pakistan | Sri Lanka | Nepal | Bangladesh | Myanmar
83%
Spanish Pond Turtle Spain | Portugal | France | Morocco | Algeria | Tunisia | Libya
83%
Southern Painted Turtle United States of America
83%
Chicken Turtle United States of America
83%
Blanding's Turtle United States of America | Canada
83%
Wood Turtle United States of America | Canada
83%
Frilled Lizard Australia | Indonesia | Papua New Guinea
78%
Cyprus Rock Agama Cyprus
78%
Philippine Forest Turtle Philippines
78%
Common Snapping Turtle United States of America | Canada
78%
Green Sea Turtle United States of America | Canada | Mexico | Guatemala | El Salvador | Honduras | Nicaragua | Costa Rica | Panama | Colombia | Ecuador | Peru | Chile | Venezuela | Guyana | Suriname | Brazil | Cuba | Haiti | Dominican Republic | The Bahamas | Jamaica | Trinidad & Tobago | Dominica | Saint Lucia | Grenada | Saint Kitts & Nevis | Saint Vincent & the Grenadines | Barbados | Antigua & Barbuda | Gambia | Senegal | Guinea-Bissau | Guinea | Sierra Leone | Liberia | Ivory Coast | Ghana | Togo | Benin | Nigeria | Cameroon | Equatorial Guinea | Gabon | Republic of the Congo | Democratic Republic of the Congo | Angola | Namibia | South Africa | Mozambique | Madagascar | Tanzania | Kenya | Somalia | Djibouti | Eritrea | Sudan | Egypt | Israel | Jordan | Saudi Arabia | Yemen | Oman | United Arab Emirates | Qatar | Bahrain | Kuwait | Iran | Pakistan | India | Sri Lanka | Bangladesh | Myanmar | Thailand | Cambodia | Vietnam | Indonesia | Malaysia | Philippines | Brunei | Singapore | East Timor | Papua New Guinea | Australia | China | Taiwan | Japan | North Korea | South Korea | Russia | Maldives | São Tomé & Príncipe | Comoros | Seychelles | Solomon Islands | Vanuatu | Palau | Federated States of Micronesia | France | United Kingdom | Netherlands | Ireland | Belgium | Spain | Portugal | Monaco | Italy | Malta | Cyprus | Turkey | Greece | Slovenia | Croatia | Bosnia & Herzegovina | Montenegro | Albania | Ukraine | Romania | Bulgaria | Georgia | Kazakhstan | Azerbaijan | Turkmenistan | Morocco | Algeria | Tunisia | Libya | Uganda | Malawi | Zambia | Mauritania | Mauritius | Cape Verde | Marshall Islands | Nauru | Samoa | Tonga | Fiji | Tuvalu | Kiribati | Uruguay | Argentina | New Zealand (Multiple Island Territories)
78%
Diamondback Terrapin United States of America | United Kingdom (Bermuda)
78%
Colombian Slider Colombia | Venezuela
72%
Galápagos Tortoise Ecuador (Galápagos Islands)
72%
Madagascan Big-Headed Turtle Madagascar
72%
Mexican Box Turtle Mexico
72%
Burmese Roofed Turtle Myanmar
72%
European Pond Turtle Spain | Portugal | France | Monaco | Andorra | Italy | Germany | Greece | San Marino | Vatican City | Poland | Russia | Ukraine | Lithuania | Liechtenstein | Switzerland | Czech Republic | Slovenia | Slovakia | Austria | Hungary | Moldova | Romania | Belarus | Bulgaria | Turkey | Morocco | Cyprus | North Macedonia | Serbia | Kosovo | Montenegro | Albania | Bosnia & Herzegovina | Croatia | Latvia | Denmark | Lebanon | Israel | Syria | Jordan | Iran | Georgia | Azerbaijan | Armenia | Kazakhstan | Turkmenistan | Uzbekistan
72%
Gopher Tortoise United States of America
72%
Cagle's Map Turtle United States of America
72%
Ouachita Map Turtle United States of America
72%
Pearl River Map Turtle United States of America
72%
Spotted Turtle United States of America | Canada
72%
Southwestern Pond Turtle United States of America | Mexico
72%
Australian Water Dragon Australia
67%
Mata Mata Bolivia | Peru | Ecuador | Colombia | Brazil | Suriname | France (French Guiana)
67%
Asiatic Softshell Turtle Brunei | Indonesia | Malaysia | Singapore | Thailand
67%
Indochinese Box Turtle China | Vietnam | Laos
67%
Chinese Water Dragon China | Vietnam | Laos | Cambodia | Thailand
67%
Cuban Slider Cuba | United Kingdom (Cayman Islands) | France (Guadeloupe)
67%
Asian Leaf Turtle India | Bangladesh | Myanmar | Thailand | Cambodia | Vietnam | Malaysia | Indonesia | Philippines | China
67%
West African Rainbow Lizard Liberia | Ivory Coast | Guinea | Nigeria | Ghana
67%
Tuatara New Zealand
67%
Cape Terrapin South Africa | Mozambique | Eswatini
67%
Coastal Plain Cooter United States of America
67%
Leatherback Sea Turtle United States of America | Canada | Mexico | Guatemala | Belize | El Salvador | Honduras | Nicaragua | Costa Rica | Panama | Cuba | Jamaica | Haiti | The Bahamas | Dominican Republic | Dominica | Antigua & Barbuda | Grenada | Barbados | Trinidad & Tobago | Saint Kitts & Nevis | Saint Lucia | Saint Vincent & the Grenadines | Colombia | Peru | Ecuador | Argentina | Chile | Venezuela | Guyana | Suriname | Brazil | Uruguay | Ireland | United Kingdom | France | Spain | Portugal | Malta | Italy | Monaco | Slovenia | Croatia | Bosnia & Herzegovina | Greece | Montenegro | Albania | Turkey | Cyprus | Morocco | Algeria | Tunisia | Libya | Egypt | Lebanon | Israel | Syria | Mauritania | Senegal | Gambia | Guinea-Bissau | Guinea | Sierra Leone | Liberia | Ivory Coast | Ghana | Benin | Togo | Nigeria | Cameroon | Equatorial Guinea | Gabon | Republic of the Congo | Democratic Republic of the Congo | Angola | Namibia | South Africa | Mozambique | Madagascar | Tanzania | Kenya | India | Sri Lanka | Bangladesh | Myanmar | Thailand | Cambodia | Vietnam | Malaysia | Brunei | Indonesia | Singapore | East Timor | Philippines | Japan | North Korea | South Korea | China | Taiwan | Russia | Papua New Guinea | New Zealand | Australia | Solomon Islands | Fiji | Tuvalu | Samoa | Tonga | Palau | Nauru | Marshall Islands | Federated States of Micronesia | Vanuatu | Kiribati | Comoros | Seychelles | Mauritius | Cape Verde | São Tomé & Príncipe | Netherlands (Multiple Island Territories)
67%
Barrier Range Dragon Australia
61%
Thorny Devil Australia
61%
African Spurred Tortoise Burkina Faso | Central African Republic | Chad | Eritrea | Ethiopia | Mali | Mauritania | Nigeria | Senegal | Saudi Arabia | Sudan | Yemen
61%
Sicilian Pond Turtle Italy
61%
Meso-American Slider Mexico | Belize | Guatemala | Honduras | El Salvador | Panama | Costa Rica | Nicaragua | Colombia
61%
Desert Agama Morocco | Mauritania | Algeria | Tunisia | Libya | Egypt | Mali | Iraq | Chad | Sudan | Saudi Arabia
61%
Suwanee Cooter United States of America
61%
Pond Slider United States of America | Mexico
61%
Jacky Dragon Australia
56%
Flatback Sea Turtle Australia | Indonesia | Papua New Guinea | Solomon Islands | East Timor
56%
Kemp's Ridley Sea Turtle Canada | United States of America | Mexico | Cuba | Jamaica | Haiti | The Bahamas | Dominican Republic | Guatemala | Belize | Honduras | Nicaragua | Costa Rica | Panama | Colombia | Venezuela | Guyana | Saint Lucia | Saint Kitts & Nevis | Saint Vincent & the Grenadines | Barbados | Trinidad & Tobago | Dominica | Grenada | Antigua & Barbuda | Ireland | United Kingdom | France | Spain | Portugal | Netherlands | Belgium | Italy | Malta | Morocco | Algeria | Tunisia | Libya | Mauritania | Senegal | Gambia | Guinea-Bissau | Guinea | Sierra Leone | Liberia | Ivory Coast | Ghana | Togo | Benin | Nigeria | Cameroon | Cape Verde | Equatorial Guinea | São Tomé & Príncipe
56%
Sulawesi Forest Turtle Indonesia
56%
Ryukyu Black-Breasted Leaf Turtle Japan
56%
East Arabian Desert Agama Oman | United Arab Emirates
56%
Bog Turtle United States of America
56%
Three-Toed Box Turtle United States of America
56%
River Cooter United States of America | Canada
56%
Painted Turtle United States of America | Canada | Mexico
56%
Desert Tortoise United States of America | Mexico
56%
Nobbi Lashtail Australia
50%
Four-Eyed Turtle China | Laos | Vietnam
50%
Wattle-Necked Softshell Turtle China | Laos | Vietnam | United States of America | Mauritius
50%
Black Pond Turtle Pakistan | India | Sri Lanka | Bangladesh
50%
Red-Footed Tortoise Panama | Venezuela | Guyana | Suriname | Colombia | Ecuador | Peru | Bolivia | Brazil | Paraguay
50%
Giant Asian Pond Turtle Cambodia | Vietnam | Laos | Malaysia | Myanmar | Thailand
44%
Hispaniolan Slider Haiti | Dominican Republic
44%
Southern River Terrapin Malaysia | Indonesia | Cambodia
44%
Herrera's Mud Turtle Mexico
44%
Coahuilan Box Turtle Mexico
44%
Southern Angle-Headed Dragon Australia
39%
Boyd's Forest Dragon Australia
39%
Common Agama Benin | Burkina Faso | Cameroon | Cape Verde | Chad | Equatorial Guinea | Gabon | Gambia | Ghana | Guinea | Guinea-Bissau | India | Ivory Coast | Kenya | Liberia | Madagascar | Mali | Mauritania | Niger | Nigeria | Senegal | Sierra Leone | Togo | Tanzania | Uganda | United States of America
39%
Nubian Flapshell Turtle Benin | Central African Republic | Chad | Ethiopia | Ghana | Nigeria | Sudan | Togo
39%
Yellow-Footed Tortoise Brazil | Peru | Ecuador | Colombia | Venezuela | Guyana | Suriname | Bolivia | France (French Guiana)
39%
Yellow-Headed Temple Turtle Cambodia | Laos | Malaysia | Thailand | Vietnam
39%
Yellow-Headed Box Turtle China
39%
Black-Breasted Leaf Turtle China | Vietnam | Laos
39%
Radiated Tortoise Madagascar | Mauritius | France (Réunion)
39%
Black-Necked Agama Mozambique | Zimbabwe | Botswana | Uganda | Kenya | South Africa | Eswatini | Namibia | Rwanda | Malawi | Zambia | Tanzania | Ethiopia
39%
Secret Toadhead Agama Russia | Kazakhstan | China | Iran | Afghanistan | Turkmenistan | Tajikistan | Kyrgyzstan | Uzbekistan
39%
Aldabra Giant Tortoise Seychelles
39%
Tropical Spiny Agama South Africa | Mozambique | Namibia | Botswana | Zambia | Eswatini | Democratic Republic of the Congo | Kenya | Tanzania
39%
Gilbert's Dragon Australia
33%
Western Heath Dragon Australia
33%
Mary River Turtle Australia
33%
Long-Snouted Lashtail Australia | Indonesia | Papua New Guinea
33%
Pig-Nosed Turtle Australia | Indonesia | Papua New Guinea
33%
Big-Headed Pantanal Swamp Turtle Brazil | Bolivia | Argentina | Paraguay
33%
Painted Terrapin Brunei | Indonesia | Malaysia | Thailand
33%
Beale's Eyed Turtle China
33%
Cane Turtle India
33%
Roti Island Snake-Necked Turtle Indonesia | East Timor
33%
Modest Forest Dragon Indonesia | Papua New Guinea
33%
Tent Tortoise South Africa | Namibia
33%
Starred Agama Turkey | Greece | Israel | Cyprus | Lebanon | Egypt | Malta
33%
Speke's Hinge-Back Tortoise Uganda | Kenya | Eswatini | Mozambique | South Africa
33%
Arrau Turtle Venezuela | Colombia | Ecuador | Peru | Bolivia | Paraguay | Brazil | Guyana
33%
Western Rock Agama Angola | Botswana | Republic of the Congo | Namibia | South Africa
28%
Northern Snapping Turtle Australia
28%
Serrated Hinged Terrapin Botswana | Democratic Republic of the Congo | Ethiopia | Kenya | Malawi | Mozambique | Namibia | Somalia | South Africa | South Sudan | Tanzania | Zambia | Zimbabwe
28%
Hoge's Side-Necked Turtle Brazil
28%
Tuvan Toad-Headed Agama China | Mongolia
28%
Upemba Mud Turtle Democratic Republic of the Congo
28%
Sinai Agama Libya | Egypt | Israel | Jordan | Syria | Saudi Arabia | Oman | Sudan | Ethiopia | Eritrea | Djibouti
28%
Spider Tortoise Madagascar
28%
Spotted Box Turtle Mexico
28%
Impressed Tortoise Myanmar | China | Thailand | Laos | Vietnam | Cambodia | Malaysia | India
28%
Common Padloper South Africa
28%
Chaco Tortoise Argentina | Bolivia | Paraguay
22%
Western Swamp Turtle Australia
22%
Hickatee Belize | Guatemala | Mexico | Honduras
22%
Home's Hinge-Back Tortoise Benin | Cameroon | Democratic Republic of the Congo | Equatorial Guinea | Gabon | Ghana | Ivory Coast | Liberia | Nigeria
22%
Common Spiny Agama Botswana | Namibia | South Africa
22%
D'Orbigny's Slider Brazil | Argentina | Uruguay
22%
Spiny Turtle Brunei | Indonesia | Malaysia | Myanmar | Philippines | Singapore | Thailand
22%
Black Wood Turtle Costa Rica | Honduras | Nicaragua | Panama
22%
Aubry's Flapshell Turtle Democratic Republic of the Congo | Gabon | Angola | Central African Republic
22%
Red-Crowned Roofed Turtle India
22%
Short-Crested Bay Island Forest Lizard India (Andaman & Nicobar Islands)
22%
Oldham's Leaf Turtle India | Nepal | Bangladesh | Myanmar | Thailand | Laos | Cambodia | Vietnam | China | Malaysia | Singapore | Indonesia
22%
Flat-Backed Spider Tortoise Madagascar
22%
Bolson Tortoise Mexico
22%
Arakan Forest Turtle Myanmar | Bangladesh
22%
Keeled Box Turtle Myanmar | China | India | Laos | Vietnam | Bhutan | Thailand
22%
Mwanza Flat-Headed Rock Agama Tanzania | Rwanda | Kenya
22%
Horvath's Toadhead Agama Armenia | Azerbaijan | Turkey
17%
Kleinmann's Tortoise Egypt | Libya | Israel
17%
Laungwala Long-Headed Lizard India
17%
Black Marsh Turtle Indonesia | Malaysia | Brunei | Singapore | Thailand | Myanmar | Vietnam | Laos | Cambodia
17%
Hypsilurus Auritus Indonesia | Papua New Guinea
17%
Pancake Tortoise Tanzania | Kenya | Zambia
17%
Liechtenstein's Toadhead Agama Turkmenistan | Kazakhstan | Uzbekistan | Iran | Afghanistan
17%
Eastern Black-Bridged Leaf Turtle Cambodia | Vietnam
11%
Dahl's Toad-Headed Turtle Colombia
11%
Atrato Slider Colombia
11%
Western Black-Bridged Leaf Turtle Vietnam | Cambodia | Thailand
11%
Anderson's Rock Agama Yemen | Saudi Arabia | Oman
11%
No matching quizzes found
Score Distribution
Percent of People with Each Score
Percentile by Number Answered
Your Score History
You have not taken this quiz